| 000 | 00478nam a22001577a 4500 | ||
|---|---|---|---|
| 999 |
_c60519 _d60519 |
||
| 005 | 20230816143505.0 | ||
| 008 | 230810s1976 pl ||||| |||| 00| 0 Pau d | ||
| 041 | _aPau | ||
| 080 | _a902/904 R-69 | ||
| 100 |
_aRODZIEWICZ, Mieczyslaw. _919660 |
||
| 245 |
_aAlexandrie. I. La céramique romaine tardive d'Alexandrie/ _cMieczyslaw RODZIEWICZ. |
||
| 264 |
_aVarsovie, _c1976. |
||
| 300 |
_a90 p.: _bill.; _c30 cm. |
||
| 653 | _aალექსანდრია | ||
| 942 |
_2udc _cBK |
||